Francisco Giner de los Ríos (Record no. 853545)
[ view plain ]
| 000 -CABECERA | |
|---|---|
| Campo de control de longitud fija | 00501nab a2200145 4500 |
| 003 - IDENTIFICADOR DEL NÚMERO DE CONTROL | |
| Campo de control | ES-SlBCS |
| 005 - FECHA Y HORA DE LA ÚLTIMA TRANSACCIÓN | |
| Campo de control | 20210327231222.0 |
| 008 - CÓDIGOS DE INFORMACIÓN DE LONGITUD FIJA | |
| Campo de control de longitud fija | 150907s2015 sp ||||| |||| 00| 0 spa d |
| 040 ## - FUENTE DE LA CATALOGACIÓN | |
| Centro catalogador del origen | ES-SlBCS |
| Lengua de catalogación | spa |
| 100 1# - PUNTO DE ACCESO PRINCIPAL-NOMBRE DE PERSONA | |
| Nombre de persona | Álvarez Junco, José |
| 9 (RLIN) | 7203 |
| 245 10 - MENCIÓN DE TÍTULO | |
| Título | Francisco Giner de los Ríos |
| Mención de responsabilidad, etc. | José Álvarez Junco |
| 600 14 - PUNTO DE ACCESO ADICIONAL DE MATERIA-NOMBRE DE PERSONA | |
| Nombre personal | Giner de los Ríos, Francisco |
| Subdivisión general | Crítica e interpretación |
| 9 (RLIN) | 408741 |
| 773 0# - ENLACE AL DOCUMENTO FUENTE | |
| Parte(s) relacionada(s) | Nº 240, 2015, págs. 162-169 |
| Título | Claves de Razón Práctica |
| Número de control del registro relacionado | Rev1103 |
| Número Internacional Normalizado para Publicaciones Seriadas (ISSN) | 1130-3689 |
| 942 ## - ENTRADA DE ELEMENTOS AGREGADOS (KOHA) | |
| Fuente de clasificaión o esquema | |
| Koha [por defecto] tipo de item | Artículos de revista |
| Suprimido | Perdido | Fuente de clasificación o esquema | Estropeado | No para préstamo | Localización permanente | Localización actual | Localización en estantería | Fecha adquisición | Préstamos totales | Fecha última consulta | Fecha del precio de reemplazo | Tipo de item de Koha |
|---|---|---|---|---|---|---|---|---|---|---|---|---|
| San Esteban | San Esteban | Depósito de revistas | 07/09/2015 | 07/09/2015 | 07/09/2015 | Artículos de revista |
